| 000 | 00430nam a22001817a 4500 | ||
|---|---|---|---|
| 003 | NUST | ||
| 020 | _a 9780170197748 | ||
| 038 | _akhadija | ||
| 082 |
_a629.2772 _bGRE |
||
| 100 |
_aGreen, Jeff _983882 |
||
| 245 |
_aAutomotive Air Conditioning / _cJeff Green |
||
| 250 | _a3rd ed. | ||
| 260 |
_aNew York : _bCengage Learning, _c2013. |
||
| 300 |
_a252 p. ; _b25 cm. |
||
| 500 | _aPaperback. | ||
| 563 | _aPB | ||
| 942 |
_cBK _2ddc |
||
| 999 |
_c33997 _d33997 |
||